| 000 | 01231cam a2200349 a 4500 | ||
|---|---|---|---|
| 999 |
_c25293 _d25293 |
||
| 001 | 14454290 | ||
| 003 | BDDh-ASL | ||
| 005 | 20231015030454.0 | ||
| 008 | 060715s2013 bg 010 0 eng | ||
| 010 | _a 2006561977 | ||
| 025 | _aB-E-2006-561977; 04 | ||
| 037 | _bLibrary of Congress -- New Delhi Overseas Office | ||
| 040 |
_aDLC _cDLC _dDLC _dBDDh-ASL |
||
| 041 | 0 |
_aeng _aben |
|
| 042 | _alcode | ||
| 043 | _aa-ii--- | ||
| 050 | 0 | 0 |
_aBQ7950.A877 _bC45 2004 |
| 082 |
_a920.8094 _bCEL |
||
| 245 | 0 | 0 | _aCelebration of one thousand and Thirty Three birth anniversary of Atish Dipankar Srijnan / |
| 246 | 1 | 7 | _aCelebration of 1033th birth anniversary of the Atish Dipankar Srijnan |
| 260 |
_aDhaka : _bBangladesh Boudho Kristi Prachar Sangha, _c2013. |
||
| 300 |
_a156 p. ; _c28 cm. |
||
| 520 | _aContributed articles on the life of Buddhist priest Atīśa, 982-1054. | ||
| 546 | _aIn English; some articles in Bengali. | ||
| 600 | 0 | 0 |
_aAtīśa, _d982-1054. |
| 650 | 0 |
_aBuddhist priests _zIndia _vBiography. |
|
| 700 | 0 |
_aAtīśa, _d982-1054. |
|
| 710 | 2 | _aBangladesh Boudho Kristi Prachar Sangha. | |
| 906 |
_a7 _bcbc _corigode _d3 _encip _f20 _gy-gencatlg |
||
| 942 |
_2ddc _cBK |
||